| Tag |
First Indicator |
Second Indicator |
Subfields |
| LEADER |
00000cam a2200000 4500 |
| 001 |
in00000246789 |
| 005 |
20151010051146.0 |
| 008 |
790710s1969 nmua b 00000 eng d |
| 035 |
|
|
|a (OCoLC)05152827
|
| 035 |
|
|
|9 ABB4515AM
|
| 040 |
|
|
|a IQU
|c IQU
|d TXA
|d UtOrBLW
|
| 049 |
|
|
|a TXAM
|c [716617]
|
| 090 |
|
|
|a S540.A2
|b N4
|
| 110 |
2 |
|
|a New Mexico State University.
|b College of Agriculture and Home Economics.
|
| 245 |
1 |
0 |
|a Agricultural research at New Mexico State University since 1889.
|
| 264 |
|
1 |
|a [Las Cruces],
|b [publisher not identified] ;
|c [1969]
|
| 300 |
|
|
|a 32 pages :
|b illustrations
|
| 336 |
|
|
|a text
|b txt
|2 rdacontent
|
| 337 |
|
|
|a unmediated
|b n
|2 rdamedia
|
| 338 |
|
|
|a volume
|b nc
|2 rdacarrier
|
| 500 |
|
|
|a Cover title.
|
| 504 |
|
|
|a Includes bibliographies.
|
| 610 |
2 |
0 |
|a New Mexico State University.
|b College of Agriculture and Home Economics.
|
| 650 |
|
0 |
|a Agriculture
|x Research
|z New Mexico.
|
| 650 |
|
0 |
|a Agriculture
|x Research
|z New Mexico
|z Las Cruces.
|
| 999 |
|
|
|a MARS
|
| 999 |
f |
f |
|s 66912312-2eba-3644-8525-369f82fe9f13
|i 14087281-935b-3957-99ad-6d68fb4f3f43
|t 0
|
| 952 |
f |
f |
|p ric
|a Texas A&M University
|b Rellis Campus
|c Joint Library Facility
|d Remote Storage
|t 0
|e S540.A2 N4
|h Library of Congress classification
|i unmediated -- volume
|m A14805179110
|
| 998 |
f |
f |
|a S540.A2 N4
|t 0
|l Remote Storage
|